ბათუმის შოთა რუსთაველის სახელმწიფო უნივერსიტეტის ბიბლიოთეკა

არხეიონი = Archeion : (ბიბ.ჩანაწერი № 36778)

000 -ლიდერი
ფიქსირებული სიგრძის საკონტროლო ველი 00983nam a2200205Ia 4500
001 - საკონტროლო ნომერი
საკონტროლო ველი 2717
003 - საკონტროლო ნომრის იდენტიფიკატორი
საკონტროლო ველი GE_BSU
005 - ბოლო ოპერაციის თარიღი და დრო
საკონტროლო ველი 20190605184507.0
008 - ფიქსირებული სიგრძის მონაცემთა ელემენტები - ზოგადი ინფორმაცია
ფიქსირებული სიგრძის საკონტროლო ველი 181216s2011||||ge |||||||||||||| ||geo||
040 ## - კატალოგიზაციის წყარო
Transcribing agency GE_BSU
041 ## - ენის კოდი
Language code of text/sound track or separate title geo
080 ## - უნივერსალური ათობითი კლასიფიკაციის ინდექსი
Universal Decimal Classification number 930.25(479.223)(051)
245 ## - ცნობა სათაურის შესახებ
Title არხეიონი = Archeion :
Remainder of title N 2 /
Statement of responsibility, etc აჭარის ავტონომიური რესპუბლიკის მთავრობის საქვეუწყებო დაწესებულება-საარქივო სამმართველო ; რედაქტორი თამაზ ფუტკარაძე.
264 ## - წარმოების, გამოცემის, დისტრიბუციის და სხვა ცნობები
გამოცემის, წარმოების, დისტრიბუციის... ადგილი ბათუმი :
გამოცემის, წარმოების, დისტრიბუციის... სახელწოდება უნივერსალი,
გამოცემის, წარმოების, დისტრიბუციის... თარიღი 2011.
300 ## - ფიზიკური აღწერა
Extent 141 გვ. ;
Other physical details 26 სმ.
653 ## - INDEX TERM--UNCONTROLLED
Uncontrolled term არქივი
653 ## - INDEX TERM--UNCONTROLLED
Uncontrolled term სააქივო სამმართველო
700 ## - ADDED ENTRY--PERSONAL NAME
Personal name ფუტკარაძე, თამაზ
Relator term რედაქტორი
9 (RLIN) 56
942 ## - ADDED ENTRY ELEMENTS (KOHA)
Koha item type წიგნი
Source of classification or shelving scheme
ეგზემპლარები
ჩამოწერის სტატუსი დაკარგული ეგზემპლარის სტატუსი კლასიფიკაციის წყარო ან თაროზე გაწყობის სქემა დაზიანების სტატუსი არ გაიცემა მუდმივი მდებარეობა (დაცვის ადგილი) ამჟამინდელი ადგილსამყოფელი თაროზე განთავსების ადგილი შეძენის თარიღი ღირებულება, შესყიდვის ნორმალური ფასი სრული შენახვის შიფრი შტრიხკოდი ბოლო ოპერაციის თარიღი ეგზემპლარის მიმდევრობითი ნომერი (კეტერი?) ფასის ძალაში შესვლის თარიღი ეგზემპლარის სახეობა საჯარო შენიშვნა
          ბათუმის შოთა რუსთაველის სახელმწიფო უნივერსიტეტის მთავარი ბიბლიოთეკა ბათუმის შოთა რუსთაველის სახელმწიფო უნივერსიტეტის მთავარი ბიბლიოთეკა წიგნსაცავი 2018-12-17 7.00 930.25(479.223)(051) ა–86 4585 2018-12-17 4585 2018-12-17 წიგნი 7 ლ.